| 000 -LEADER |
| fixed length control field |
01430nam a2200253Ia 4500 |
| 001 - CONTROL NUMBER |
| control field |
16993 |
| 003 - CONTROL NUMBER IDENTIFIER |
| control field |
GE_BSU |
| 005 - DATE AND TIME OF LATEST TRANSACTION |
| control field |
20200203121400.0 |
| 008 - FIXED-LENGTH DATA ELEMENTS--GENERAL INFORMATION |
| fixed length control field |
181216s2015ru xx |||||||||||||| ||ruc|| |
| 040 ## - CATALOGING SOURCE |
| Transcribing agency |
GE_BSU |
| 080 ## - UNIVERSAL DECIMAL CLASSIFICATION NUMBER |
| Universal Decimal Classification number |
94(479.22).(474) д-40 |
| 100 ## - MAIN ENTRY--PERSONAL NAME |
| Personal name |
Джавахишвили,Николай |
| 9 (RLIN) |
6687 |
| 245 ## - TITLE STATEMENT |
| Title |
Очерки истории грузино–балтийских отношений / |
| Statement of responsibility, etc. |
научшый ред: Янис Страдыньш, литературный ; ред . Лина абуашвили ; художник обложки Мамука Гонгадз. |
| 264 ## - PRODUCTION, PUBLICATION, DISTRIBUTION, MANUFACTURE, AND COPYRIGHT NOTICE |
| Place of production, publication, distribution, manufacture |
Рига : |
| Name of producer, publisher, distributor, manufacturer |
Институт истории латвии, |
| Date of production, publication, distribution, manufacture, or copyright notice |
2015. |
| 300 ## - PHYSICAL DESCRIPTION |
| Extent |
623 с.: |
| Dimensions |
22 см. |
| 440 ## - SERIES STATEMENT/ADDED ENTRY--TITLE |
| Title |
ქართულ-ბალტიური ურთიერთობის ისტორიის ნარკვევები. |
| 9 (RLIN) |
6688 |
| 653 ## - INDEX TERM--UNCONTROLLED |
| keyword |
Очерки истории грузино–балтийских отношений |
| 653 ## - INDEX TERM--UNCONTROLLED |
| keyword |
ისტორია |
| 653 ## - INDEX TERM--UNCONTROLLED |
| keyword |
ისტორია | ბალტიის ქვეყნების ისტორია | საქართველოს ისტორია |
| 700 ## - ADDED ENTRY--PERSONAL NAME |
| Personal name |
Страдыньш, Янис |
| Dates associated with a name |
რედაქტორი |
| 9 (RLIN) |
6689 |
| 700 ## - ADDED ENTRY--PERSONAL NAME |
| Personal name |
Aбуашвили, Лина |
| Relator term |
რედაქტორი |
| 9 (RLIN) |
6690 |
| 700 ## - ADDED ENTRY--PERSONAL NAME |
| Personal name |
Гонгадзе, Мамука |
| Relator term |
მხატვარი |
| 9 (RLIN) |
6691 |
| 942 ## - ADDED ENTRY ELEMENTS (KOHA) |
| Koha item type |
წიგნი |
| Source of classification or shelving scheme |
|